Manchester United 2020s Champions League Scorers - Statistics

General Stats
  • This quiz has been taken 40 times
  • The average score is 9 of 13
Answer Stats
Goals Nationality Player % Correct
6 Portuguese Bruno Fernandes
100%
7 English Marcus Rashford
95%
6 Portuguese Cristiano Ronaldo
89%
5 Danish Rasmus Hojlund
89%
1 Argentine Alejandro Garnacho
82%
1 Scottish Scott McTominay
82%
2 Brazilian Casemiro
79%
1 Welsh Daniel James
71%
2 English Harry Maguire
71%
1 Swedish Anthony Elanga
61%
2 English Mason Greenwood
45%
1 Brazilian Alex Telles
37%
1 English Jadon Sancho
34%
No matching quizzes found
Score Distribution
Percent of People with Each Score
Percentile by Number Answered
Your Score History
You have not taken this quiz